000 00667nam a2200217 a 4500
005 20221008064255.0
008 070829s2004 es r 000 0 spa d
020 _a848156365X
035 _aUPN01000151604
049 _aC
050 4 _aN7113 D3
_bB6.2
100 1 _aBorghesi, Silvia
_936701
245 1 0 _aDalí :
_bla fantasía surrealista del genio ampurdanés /
_cSilvia Borghesi.
260 _aBarcelona, Esp. :
_bElecta Bolsillo,
_c2004.
300 _a142 p. :
_bil. col.
440 0 _aMonografías de bolsillo
440 0 _aArt book
600 1 4 _aDALI, SALVADOR,
_d1904-1989
_912919
650 7 _aPintores españoles
_vBiografía
_2
_97738
905 _aLibro
999 _c123740
_d123740